000 00527nam a2200169 i 4500
001 64246
003 ES-MaACL
005 20230906165100.0
007 t|
008 031223s1960 sp f |||| | spa d
100 1 _aFlores, Carlos.
_951255
245 1 0 _aArquitectura interior
_b: decoración, muebles y diseño.
_n1961 /
_cCarlos Flores.
260 _a[Madrid] :
_bAguilar,
_c[1960] (
_fMontaña)
300 _a148 p., 49 lám. :
_bplan., il. ;
_c28 cm.
650 0 4 _aDecoración interior.
_911542
852 _aES-MaACL
_jC-19439
999 _c64246
_d64246